[Event "Girls U14 Polish Youth Championship"]
[Site "chess24.com"]
[Date "2018.05.05"]
[Round "9"]
[White "Krzyzosiak, Marta"]
[Black "Trzaskowska, Hanna"]
[Result "1/2-1/2"]
[Board "6"]
[WhiteElo "1567"]
[WhiteCountry "POL"]
[WhiteFideId "21820449"]
[WhiteEloChange "1"]
[BlackElo "1589"]
[BlackCountry "POL"]
[BlackFideId "21820716"]
[BlackEloChange "-1"]

1. e4 {[%clk 1:30:58]} e5 {[%clk 1:30:58]} 2. Nf3 {[%clk 1:31:19]} Nc6 {[%clk
1:31:26]} 3. Bb5 {[%clk 1:31:37]} a6 {[%clk 1:31:49]} 4. Bxc6 {[%clk 1:31:55]}
dxc6 {[%clk 1:32:14]} 5. O-O {[%clk 1:31:58]} f6 {[%clk 1:32:38]} 6. d4 {[%clk
1:31:42]} exd4 {[%clk 1:32:49]} 7. Nxd4 {[%clk 1:31:51]} c5 {[%clk 1:32:53]} 8.
Nb3 {[%clk 1:32:02]} Qxd1 {[%clk 1:33:01]} 9. Rxd1 {[%clk 1:32:19]} Bg4 {[%clk
1:33:17]} 10. f3 {[%clk 1:29:03]} Be6 {[%clk 1:32:55]} 11. Bf4 {[%clk 1:25:43]}
c4 {[%clk 1:27:26]} 12. N3d2 {[%clk 1:12:54]} O-O-O {[%clk 1:17:47]} 13. Nc3
{[%clk 1:11:54]} Bc5+ {[%clk 1:14:00]} 14. Kh1 {[%clk 1:11:36]} Ne7 {[%clk
1:13:07]} 15. Nf1 {[%clk 1:08:24]} Rxd1 {[%clk 0:42:36]} 16. Rxd1 {[%clk
1:08:31]} Rd8 {[%clk 0:42:29]} 17. Rxd8+ {[%clk 1:00:36]} Kxd8 {[%clk 0:42:54]}
18. Be3 {[%clk 0:56:24]} Bxe3 {[%clk 0:36:18]} 19. Nxe3 {[%clk 0:56:31]} f5
{[%clk 0:27:31]} 20. exf5 {[%clk 0:45:37]} Nxf5 {[%clk 0:21:33]} 21. Ncd5 {[%clk
0:39:36]} Nxe3 {[%clk 0:16:41]} 22. Nxe3 {[%clk 0:39:42]} Kd7 {[%clk 0:14:23]}
23. c3 {[%clk 0:38:06]} Kc6 {[%clk 0:09:51]} 24. Nc2 {[%clk 0:36:40]} Bf7 {[%clk
0:08:40]} 25. Kg1 {[%clk 0:36:20]} Bg6 {[%clk 0:07:40]} 26. Nd4+ {[%clk 0:36:30]}
Kd5 {[%clk 0:07:03]} 27. Kf2 {[%clk 0:35:29]} Bb1 {[%clk 0:05:51]} 28. a3 {[%clk
0:34:32]} c5 {[%clk 0:05:53]} 29. Ne2 {[%clk 0:31:57]} Kc6 {[%clk 0:05:45]} 30.
Ke3 {[%clk 0:30:12]} Kb5 {[%clk 0:04:46]} 31. h4 {[%clk 0:15:45]} Ka4 {[%clk
0:03:20]} 32. Kd2 {[%clk 0:15:58]} b5 {[%clk 0:03:13]} 33. Nf4 {[%clk 0:10:08]}
b4 {[%clk 0:02:37]} 34. axb4 {[%clk 0:08:02]} cxb4 {[%clk 0:02:49]} 35. cxb4
{[%clk 0:02:30]} 1/2-1/2

[Event "Girls U14 Polish Youth Championship"]
[Site "chess24.com"]
[Date "2018.05.05"]
[Round "9"]
[White "Mytnik, Kinga"]
[Black "Jedrzejko, Martyna"]
[Result "1/2-1/2"]
[Board "7"]
[WhiteElo "1334"]
[WhiteCountry "POL"]
[WhiteFideId "21819572"]
[WhiteEloChange "4"]
[BlackElo "1482"]
[BlackCountry "POL"]
[BlackFideId "21820422"]
[BlackEloChange "-4"]

1. e4 {[%clk 1:30:57]} e6 {[%clk 1:30:40]} 2. d4 {[%clk 1:31:18]} d5 {[%clk
1:30:41]} 3. e5 {[%clk 1:31:15]} c5 {[%clk 1:31:01]} 4. c3 {[%clk 1:31:38]} Nc6
{[%clk 1:31:17]} 5. Nf3 {[%clk 1:31:59]} Qb6 {[%clk 1:31:19]} 6. a3 {[%clk
1:31:42]} c4 {[%clk 1:31:11]} 7. Be2 {[%clk 1:31:23]} Nge7 {[%clk 1:28:26]} 8.
Nbd2 {[%clk 1:30:36]} Nf5 {[%clk 1:23:54]} 9. Qc2 {[%clk 1:27:37]} Be7 {[%clk
1:20:05]} 10. Nf1 {[%clk 1:26:48]} Na5 {[%clk 1:17:23]} 11. Rb1 {[%clk 1:25:05]}
Bd7 {[%clk 1:14:38]} 12. Ne3 {[%clk 1:23:24]} Nxe3 {[%clk 1:11:30]} 13. Bxe3
{[%clk 1:23:27]} Nb3 {[%clk 1:11:05]} 14. Nd2 {[%clk 1:22:37]} Nxd2 {[%clk
1:04:10]} 15. Bxd2 {[%clk 1:22:05]} Qa5 {[%clk 0:59:54]} 16. Bd1 {[%clk 1:18:22]}
Kd8 {[%clk 0:53:31]} 17. f4 {[%clk 1:08:50]} f6 {[%clk 0:49:17]} 18. h4 {[%clk
1:06:46]} Be8 {[%clk 0:41:57]} 19. g4 {[%clk 1:03:18]} Qc7 {[%clk 0:36:51]} 20.
h5 {[%clk 0:58:53]} a5 {[%clk 0:28:20]} 21. Bc1 {[%clk 0:52:03]} b5 {[%clk
0:27:44]} 22. b4 {[%clk 0:46:26]} cxb3 {[%clk 0:23:26]} 23. Qxb3 {[%clk 0:45:57]}
a4 {[%clk 0:22:30]} 24. Qb2 {[%clk 0:44:59]} Rc8 {[%clk 0:19:23]} 25. Bd2 {[%clk
0:43:17]} fxe5 {[%clk 0:15:14]} 26. fxe5 {[%clk 0:40:31]} Rf8 {[%clk 0:14:31]}
27. Qc1 {[%clk 0:39:37]} h6 {[%clk 0:11:07]} 28. Be2 {[%clk 0:39:20]} Rb8 {[%clk
0:11:16]} 29. g5 {[%clk 0:38:36]} hxg5 {[%clk 0:11:31]} 30. Bg4 {[%clk 0:37:47]}
Bd7 {[%clk 0:09:23]} 31. Bxg5 {[%clk 0:37:14]} Bc8 {[%clk 0:08:28]} 32. Rg1
{[%clk 0:32:01]} Bxg5 {[%clk 0:07:05]} 33. Qxg5+ {[%clk 0:32:23]} Ke8 {[%clk
0:05:48]} 34. Qd2 {[%clk 0:29:24]} Qe7 {[%clk 0:04:47]} 35. Ra1 {[%clk 0:12:49]}
Qh4+ {[%clk 0:04:00]} 36. Kd1 {[%clk 0:13:09]} Rf2 {[%clk 0:03:21]} 37. Qd3
{[%clk 0:07:40]} Qh2 {[%clk 0:01:42]} 38. Re1 {[%clk 0:06:52]} Qg2 {[%clk
0:01:00]} 39. Be2 {[%clk 0:06:32]} Rb7 {[%clk 0:00:40]} 40. Qg6+ {[%clk 0:03:52]}
Qxg6 {[%clk 0:01:02]} 41. hxg6 {[%clk 0:04:19]} Rg2 {[%clk 0:01:11]} 42. Rb1
{[%clk 0:04:21]} Bd7 {[%clk 0:01:08]} 43. Rh1 {[%clk 0:04:24]} Ke7 {[%clk
0:01:10]} 44. Kd2 {[%clk 0:04:19]} Rxg6 {[%clk 0:00:58]} 45. Rhg1 {[%clk
0:03:56]} Rxg1 {[%clk 0:01:07]} 46. Rxg1 {[%clk 0:04:23]} Kf8 {[%clk 0:01:08]}
47. Rg6 {[%clk 0:04:43]} Rb6 {[%clk 0:01:01]} 48. Bg4 {[%clk 0:04:42]} Kf7 {[%clk
0:01:12]} 49. Bh5 {[%clk 0:05:05]} Kf8 {[%clk 0:01:15]} 50. Rg1 {[%clk 0:05:23]}
Be8 {[%clk 0:00:43]} 51. Bxe8 {[%clk 0:05:14]} Kxe8 {[%clk 0:01:07]} 52. Rxg7
{[%clk 0:05:39]} Kf8 {[%clk 0:01:11]} 53. Rc7 {[%clk 0:05:50]} Ke8 {[%clk
0:01:18]} 54. Ke3 {[%clk 0:06:12]} Kd8 {[%clk 0:01:17]} 55. Rh7 {[%clk 0:04:33]}
Rc6 {[%clk 0:01:15]} 56. Kd3 {[%clk 0:04:34]} Rb6 {[%clk 0:01:26]} 57. Ke2 {[%clk
0:04:43]} Rc6 {[%clk 0:01:09]} 58. Rh3 {[%clk 0:04:18]} Ke7 {[%clk 0:01:18]} 59.
Kd3 {[%clk 0:03:25]} Rb6 {[%clk 0:01:28]} 60. Ke3 {[%clk 0:03:43]} Rc6 {[%clk
0:01:21]} 61. Kf4 {[%clk 0:03:58]} Kf8 {[%clk 0:00:35]} 62. Kg5 {[%clk 0:04:17]}
Kg7 {[%clk 0:00:42]} 63. Rf3 {[%clk 0:04:24]} Rc7 {[%clk 0:00:55]} 64. Kg4 {[%clk
0:02:58]} Rc6 {[%clk 0:01:03]} 65. Kg5 {[%clk 0:02:43]} 1/2-1/2

[Event "Girls U14 Polish Youth Championship"]
[Site "chess24.com"]
[Date "2018.05.05"]
[Round "9"]
[White "Kudlak, Julia"]
[Black "Lukasik, Zuzanna"]
[Result "1-0"]
[Board "8"]
[WhiteElo "1209"]
[WhiteCountry "POL"]
[WhiteFideId "21859990"]
[WhiteEloChange "18"]
[BlackElo "1568"]
[BlackCountry "POL"]
[BlackFideId "21813906"]
[BlackEloChange "-18"]

1. e4 {[%clk 1:30:56]} c5 {[%clk 1:30:47]} 2. Nf3 {[%clk 1:31:02]} a6 {[%clk
1:31:11]} 3. d4 {[%clk 1:30:47]} cxd4 {[%clk 1:31:27]} 4. Nxd4 {[%clk 1:30:30]}
Nf6 {[%clk 1:31:21]} 5. Nc3 {[%clk 1:29:59]} e5 {[%clk 1:29:15]} 6. Nf3 {[%clk
1:27:35]} Bb4 {[%clk 1:27:51]} 7. Bg5 {[%clk 1:23:57]} Qc7 {[%clk 1:20:27]} 8.
Bxf6 {[%clk 1:09:17]} Bxc3+ {[%clk 1:20:42]} 9. bxc3 {[%clk 1:09:11]} Qxc3+
{[%clk 1:20:54]} 10. Nd2 {[%clk 1:09:09]} gxf6 {[%clk 1:20:55]} 11. Bd3 {[%clk
1:07:57]} Nc6 {[%clk 1:18:46]} 12. O-O {[%clk 1:06:54]} Nb4 {[%clk 1:13:40]} 13.
Nc4 {[%clk 1:03:14]} Qd4 {[%clk 1:10:12]} 14. Qf3 {[%clk 0:59:55]} Ke7 {[%clk
0:56:35]} 15. Ne3 {[%clk 0:53:32]} d6 {[%clk 0:41:17]} 16. a3 {[%clk 0:50:53]}
Nxd3 {[%clk 0:32:19]} 17. Nd5+ {[%clk 0:48:13]} Kf8 {[%clk 0:23:12]} 18. Qxf6
{[%clk 0:43:27]} Rg8 {[%clk 0:19:12]} 19. Qxd6+ {[%clk 0:40:24]} Kg7 {[%clk
0:19:14]} 20. Qf6+ {[%clk 0:37:49]} Kf8 {[%clk 0:18:18]} 21. cxd3 {[%clk
0:35:41]} Bg4 {[%clk 0:08:01]} 22. Qe7+ {[%clk 0:28:41]} Kg7 {[%clk 0:05:36]} 23.
Nf6 {[%clk 0:25:59]} Be2 {[%clk 0:03:35]} 24. Rfe1 {[%clk 0:15:33]} Rgd8 {[%clk
0:02:45]} 25. Ra2 {[%clk 0:12:44]} Qxd3 {[%clk 0:00:57]} 26. Nd5 {[%clk 0:08:36]}
Re8 {[%clk 0:00:33]} 27. Qf6+ {[%clk 0:08:30]} Kg8 {[%clk 0:00:39]} 28. Raxe2
{[%clk 0:08:35]} Rac8 {[%clk 0:00:36]} 29. Ne7+ {[%clk 0:08:55]} Kf8 {[%clk
0:00:39]} 30. Nxc8 {[%clk 0:09:17]} Rxc8 {[%clk 0:00:34]} 31. Qh8+ {[%clk
0:09:17]} 1-0

[Event "Girls U14 Polish Youth Championship"]
[Site "chess24.com"]
[Date "2018.05.05"]
[Round "9"]
[White "Krzyzosiak, Anna"]
[Black "Slusarczyk, Milena"]
[Result "1-0"]
[Board "9"]
[WhiteElo "1552"]
[WhiteCountry "POL"]
[WhiteFideId "21820430"]
[WhiteEloChange "7"]
[BlackElo "1449"]
[BlackCountry "POL"]
[BlackFideId "21820198"]
[BlackEloChange "-7"]

1. e4 {[%clk 1:30:53]} c5 {[%clk 1:30:48]} 2. Nf3 {[%clk 1:31:18]} d6 {[%clk
1:31:00]} 3. d4 {[%clk 1:31:39]} cxd4 {[%clk 1:31:21]} 4. Nxd4 {[%clk 1:31:54]}
Nf6 {[%clk 1:31:39]} 5. Nc3 {[%clk 1:32:15]} a6 {[%clk 1:31:52]} 6. Be2 {[%clk
1:32:09]} e5 {[%clk 1:31:43]} 7. Nb3 {[%clk 1:32:14]} Be7 {[%clk 1:32:02]} 8. O-O
{[%clk 1:32:23]} Be6 {[%clk 1:32:17]} 9. f4 {[%clk 1:32:02]} exf4 {[%clk
1:32:33]} 10. Bxf4 {[%clk 1:32:25]} Nc6 {[%clk 1:32:35]} 11. Qd3 {[%clk 1:31:48]}
O-O {[%clk 1:30:39]} 12. Rad1 {[%clk 1:29:06]} Ne5 {[%clk 1:30:37]} 13. Qg3
{[%clk 1:28:04]} Qc7 {[%clk 1:26:32]} 14. Kh1 {[%clk 1:24:56]} Rfd8 {[%clk
1:23:48]} 15. Nd4 {[%clk 1:21:54]} b5 {[%clk 1:21:45]} 16. Nd5 {[%clk 1:02:19]}
Bxd5 {[%clk 1:16:44]} 17. exd5 {[%clk 0:54:12]} Rac8 {[%clk 1:12:26]} 18. Bxe5
{[%clk 0:49:30]} dxe5 {[%clk 1:11:58]} 19. Nf5 {[%clk 0:42:47]} Bf8 {[%clk
1:06:09]} 20. Nh6+ {[%clk 0:28:33]} Kh8 {[%clk 1:05:07]} 21. Rxf6 {[%clk
0:27:09]} gxh6 {[%clk 1:04:07]} 22. Rdf1 {[%clk 0:23:34]} Qxc2 {[%clk 0:50:43]}
23. Bd3 {[%clk 0:18:19]} Qd2 {[%clk 0:48:20]} 24. Rxf7 {[%clk 0:14:42]} Qg5
{[%clk 0:48:21]} 25. Rxh7+ {[%clk 0:13:58]} Kg8 {[%clk 0:48:30]} 26. Qf2 {[%clk
0:09:08]} Qf4 {[%clk 0:47:30]} 27. Qa7 {[%clk 0:08:42]} Rc1 {[%clk 0:46:15]} 28.
Rh8+ {[%clk 0:08:06]} 1-0

[Event "Girls U14 Polish Youth Championship"]
[Site "chess24.com"]
[Date "2018.05.05"]
[Round "9"]
[White "Bienko, Jagoda"]
[Black "Pisarek, Elzbieta"]
[Result "0-1"]
[Board "10"]
[WhiteElo "1476"]
[WhiteCountry "POL"]
[WhiteFideId "1194569"]
[WhiteEloChange "-11"]
[BlackElo "1434"]
[BlackCountry "POL"]
[BlackFideId "21826234"]
[BlackEloChange "11"]

1. d4 {[%clk 1:30:55]} Nf6 {[%clk 1:30:54]} 2. c4 {[%clk 1:31:16]} e5 {[%clk
1:31:12]} 3. d5 {[%clk 1:31:06]} Bb4+ {[%clk 1:27:52]} 4. Nc3 {[%clk 1:31:02]}
O-O {[%clk 1:26:02]} 5. Qc2 {[%clk 1:30:43]} d6 {[%clk 1:24:07]} 6. e4 {[%clk
1:30:33]} Bxc3+ {[%clk 1:20:28]} 7. bxc3 {[%clk 1:30:38]} Nbd7 {[%clk 1:20:02]}
8. Bd3 {[%clk 1:27:00]} b6 {[%clk 1:15:37]} 9. Nf3 {[%clk 1:23:53]} Nc5 {[%clk
1:13:05]} 10. O-O {[%clk 1:22:13]} h6 {[%clk 1:10:54]} 11. Be3 {[%clk 1:10:40]}
Nxd3 {[%clk 1:10:33]} 12. Qxd3 {[%clk 1:11:01]} Ng4 {[%clk 1:09:53]} 13. h3
{[%clk 1:06:09]} Nxe3 {[%clk 1:10:13]} 14. Qxe3 {[%clk 0:56:05]} f5 {[%clk
1:04:43]} 15. exf5 {[%clk 0:44:24]} Rxf5 {[%clk 1:01:09]} 16. Nd2 {[%clk
0:38:08]} Qf8 {[%clk 0:58:21]} 17. Ne4 {[%clk 0:28:50]} Qf7 {[%clk 0:51:40]} 18.
Rfd1 {[%clk 0:23:36]} Rf4 {[%clk 0:44:04]} 19. Rab1 {[%clk 0:18:17]} Bf5 {[%clk
0:36:34]} 20. f3 {[%clk 0:20:52]} Rf8 {[%clk 0:37:13]} 21. Re1 {[%clk 0:09:18]}
Qg6 {[%clk 0:31:53]} 22. Rb2 {[%clk 0:08:08]} Bxh3 {[%clk 0:30:02]} 23. Rf2
{[%clk 0:07:36]} Rxf3 {[%clk 0:27:43]} 0-1

[Event "Girls U14 Polish Youth Championship"]
[Site "chess24.com"]
[Date "2018.05.05"]
[Round "9"]
[White "Libura, Julianna"]
[Black "Wawrzyniak, Weronika"]
[Result "1-0"]
[Board "11"]
[WhiteElo "1466"]
[WhiteCountry "POL"]
[WhiteFideId "21820708"]
[WhiteEloChange "7"]
[BlackElo "1377"]
[BlackCountry "POL"]
[BlackFideId "21817596"]
[BlackEloChange "-7"]

1. e4 {[%clk 1:30:57]} c5 {[%clk 1:30:50]} 2. Nf3 {[%clk 1:31:19]} e6 {[%clk
1:31:08]} 3. d4 {[%clk 1:31:37]} cxd4 {[%clk 1:30:57]} 4. Nxd4 {[%clk 1:31:55]}
a6 {[%clk 1:30:47]} 5. Bd3 {[%clk 1:31:49]} Nf6 {[%clk 1:30:45]} 6. O-O {[%clk
1:31:34]} Qc7 {[%clk 1:28:36]} 7. c4 {[%clk 1:30:02]} g6 {[%clk 1:25:44]} 8. Nc3
{[%clk 1:29:29]} Bg7 {[%clk 1:25:26]} 9. Be3 {[%clk 1:29:40]} O-O {[%clk
1:23:35]} 10. f4 {[%clk 1:24:28]} d6 {[%clk 1:22:39]} 11. f5 {[%clk 1:21:55]} Nc6
{[%clk 1:19:24]} 12. Nxc6 {[%clk 1:20:31]} bxc6 {[%clk 1:16:30]} 13. Qf3 {[%clk
1:18:48]} Bb7 {[%clk 1:13:35]} 14. Qh3 {[%clk 1:13:32]} Rfe8 {[%clk 1:10:37]} 15.
Bg5 {[%clk 1:05:34]} exf5 {[%clk 1:05:19]} 16. exf5 {[%clk 1:04:49]} Rf8 {[%clk
0:54:06]} 17. fxg6 {[%clk 0:59:32]} fxg6 {[%clk 0:50:34]} 18. Qe6+ {[%clk
0:55:58]} Qf7 {[%clk 0:49:46]} 19. Qxd6 {[%clk 0:56:06]} Rad8 {[%clk 0:49:42]}
20. Qg3 {[%clk 0:55:58]} Qd7 {[%clk 0:47:42]} 21. Rad1 {[%clk 0:54:22]} Qd4+
{[%clk 0:44:51]} 22. Be3 {[%clk 0:38:46]} Qg4 {[%clk 0:40:51]} 23. Rxf6 {[%clk
0:37:53]} Qxd1+ {[%clk 0:39:14]} 24. Nxd1 {[%clk 0:38:14]} Bxf6 {[%clk 0:39:25]}
25. Bc2 {[%clk 0:37:41]} Bc8 {[%clk 0:38:31]} 26. h3 {[%clk 0:34:21]} Be6 {[%clk
0:35:31]} 27. b3 {[%clk 0:34:15]} Rd7 {[%clk 0:34:57]} 28. Nf2 {[%clk 0:30:04]}
Be7 {[%clk 0:34:32]} 29. Qe5 {[%clk 0:29:21]} Kf7 {[%clk 0:32:57]} 30. Ne4 {[%clk
0:27:43]} Bf5 {[%clk 0:32:51]} 31. Bh6 {[%clk 0:25:48]} Rg8 {[%clk 0:31:36]} 32.
g4 {[%clk 0:21:16]} Bxe4 {[%clk 0:31:45]} 33. Bxe4 {[%clk 0:20:51]} Rd1+ {[%clk
0:31:41]} 34. Kg2 {[%clk 0:20:27]} Bd6 {[%clk 0:31:17]} 35. Qc3 {[%clk 0:20:33]}
g5 {[%clk 0:29:25]} 36. Qf3+ {[%clk 0:20:41]} Bf4 {[%clk 0:29:08]} 37. Qxd1
{[%clk 0:21:04]} 1-0

[Event "Girls U14 Polish Youth Championship"]
[Site "chess24.com"]
[Date "2018.05.05"]
[Round "9"]
[White "Mezykowska, Emilia"]
[Black "Siekanska, Zuzanna"]
[Result "1-0"]
[Board "12"]
[WhiteElo "1464"]
[WhiteCountry "POL"]
[WhiteFideId "21862524"]
[WhiteEloChange "9"]
[BlackElo "1434"]
[BlackCountry "POL"]
[BlackFideId "21852537"]
[BlackEloChange "-9"]

1. e4 {[%clk 1:30:57]} c5 {[%clk 1:30:58]} 2. Nf3 {[%clk 1:31:23]} e6 {[%clk
1:31:23]} 3. c3 {[%clk 1:31:49]} Nf6 {[%clk 1:31:33]} 4. e5 {[%clk 1:32:13]} Nd5
{[%clk 1:31:51]} 5. d4 {[%clk 1:32:38]} cxd4 {[%clk 1:31:28]} 6. cxd4 {[%clk
1:33:03]} d6 {[%clk 1:30:42]} 7. a3 {[%clk 1:33:25]} Nc6 {[%clk 1:29:49]} 8. Bd3
{[%clk 1:33:11]} Qc7 {[%clk 1:28:28]} 9. Qe2 {[%clk 1:32:09]} dxe5 {[%clk
1:26:56]} 10. Bc4 {[%clk 1:24:12]} Nb6 {[%clk 1:22:54]} 11. dxe5 {[%clk 1:23:21]}
Nxc4 {[%clk 1:21:45]} 12. Qxc4 {[%clk 1:23:40]} Be7 {[%clk 1:21:27]} 13. O-O
{[%clk 1:23:07]} O-O {[%clk 1:21:44]} 14. Nc3 {[%clk 1:21:45]} a6 {[%clk
1:19:45]} 15. Re1 {[%clk 1:20:34]} b5 {[%clk 1:17:44]} 16. Qg4 {[%clk 1:19:47]}
Rd8 {[%clk 1:16:42]} 17. Bh6 {[%clk 1:16:21]} Bf8 {[%clk 1:16:34]} 18. Ne4 {[%clk
1:13:31]} Rd3 {[%clk 1:03:34]} 19. Nf6+ {[%clk 1:08:57]} Kh8 {[%clk 1:02:33]} 20.
Bxg7+ {[%clk 1:03:34]} Bxg7 {[%clk 1:02:24]} 21. Ne8 {[%clk 1:03:53]} Bf8 {[%clk
0:59:04]} 22. Nxc7 {[%clk 1:04:11]} Ra7 {[%clk 0:59:20]} 23. Qe4 {[%clk 1:04:15]}
Rxf3 {[%clk 0:58:21]} 24. Qxf3 {[%clk 1:04:12]} Rxc7 {[%clk 0:58:45]} 25. Rac1
{[%clk 1:04:10]} Bb7 {[%clk 0:58:48]} 26. Rc3 {[%clk 1:02:27]} Bg7 {[%clk
0:58:29]} 27. Qd3 {[%clk 1:00:05]} 1-0

[Event "Girls U14 Polish Youth Championship"]
[Site "chess24.com"]
[Date "2018.05.05"]
[Round "9"]
[White "Sloniewska, Alicja"]
[Black "Mirowska, Oliwia"]
[Result "0-1"]
[Board "13"]
[WhiteElo "1360"]
[WhiteCountry "POL"]
[WhiteFideId "21823359"]
[WhiteEloChange "-6"]
[BlackElo "1492"]
[BlackCountry "POL"]
[BlackFideId "21807574"]
[BlackEloChange "6"]

1. d4 {[%clk 1:30:36]} d5 {[%clk 1:30:52]} 2. c4 {[%clk 1:30:38]} e6 {[%clk
1:31:08]} 3. cxd5 {[%clk 1:30:36]} exd5 {[%clk 1:30:58]} 4. Nc3 {[%clk 1:30:29]}
c6 {[%clk 1:30:45]} 5. Qc2 {[%clk 1:29:53]} Bd6 {[%clk 1:29:40]} 6. h3 {[%clk
1:28:14]} Ne7 {[%clk 1:27:34]} 7. Bg5 {[%clk 1:26:59]} f6 {[%clk 1:25:53]} 8. Bd2
{[%clk 1:26:58]} Bf5 {[%clk 1:24:47]} 9. Qb3 {[%clk 1:26:38]} Qb6 {[%clk
1:23:48]} 10. e3 {[%clk 1:25:46]} Qxb3 {[%clk 1:21:57]} 11. axb3 {[%clk 1:25:35]}
Bc2 {[%clk 1:20:50]} 12. Na4 {[%clk 1:25:03]} Nd7 {[%clk 1:19:46]} 13. b4 {[%clk
1:24:01]} O-O {[%clk 1:14:33]} 14. Nc5 {[%clk 1:23:21]} Nxc5 {[%clk 1:11:38]} 15.
bxc5 {[%clk 1:23:47]} Bc7 {[%clk 1:11:57]} 16. Nf3 {[%clk 1:23:43]} Rfe8 {[%clk
1:11:03]} 17. Be2 {[%clk 1:23:17]} Be4 {[%clk 1:10:05]} 18. O-O {[%clk 1:22:42]}
Nf5 {[%clk 1:07:24]} 19. b4 {[%clk 1:21:54]} a6 {[%clk 1:05:25]} 20. Ra2 {[%clk
1:21:03]} Re7 {[%clk 1:04:50]} 21. Bc3 {[%clk 1:20:10]} Rae8 {[%clk 1:04:09]} 22.
Nd2 {[%clk 1:19:13]} Nh6 {[%clk 1:02:26]} 23. Nxe4 {[%clk 1:18:19]} Rxe4 {[%clk
1:02:11]} 24. Bd3 {[%clk 1:17:58]} R4e7 {[%clk 1:02:22]} 25. Re1 {[%clk 1:16:28]}
Nf7 {[%clk 1:02:05]} 26. Rae2 {[%clk 1:15:05]} Ng5 {[%clk 1:00:52]} 27. h4 {[%clk
1:11:36]} Ne4 {[%clk 1:00:16]} 28. Bb2 {[%clk 1:10:42]} g6 {[%clk 0:58:56]} 29.
g3 {[%clk 1:09:04]} f5 {[%clk 0:58:29]} 30. Kg2 {[%clk 1:08:32]} Kf7 {[%clk
0:57:09]} 31. Rh1 {[%clk 1:07:32]} Nf6 {[%clk 0:51:34]} 32. Ree1 {[%clk 1:04:32]}
h5 {[%clk 0:48:47]} 33. Ra1 {[%clk 1:03:20]} Re6 {[%clk 0:46:34]} 34. Ra3 {[%clk
1:02:21]} R8e7 {[%clk 0:45:55]} 35. Rha1 {[%clk 1:01:50]} Ng4 {[%clk 0:44:33]}
36. Be2 {[%clk 1:01:20]} Nf6 {[%clk 0:44:07]} 37. Rf1 {[%clk 0:58:36]} Ne4 {[%clk
0:42:59]} 38. Bc1 {[%clk 0:58:10]} Re8 {[%clk 0:42:18]} 39. Bb2 {[%clk 0:56:33]}
Nd2 {[%clk 0:40:29]} 40. Rd1 {[%clk 0:56:55]} Ne4 {[%clk 0:40:51]} 41. Bf3 {[%clk
0:54:45]} Nf6 {[%clk 0:40:20]} 42. Kg1 {[%clk 0:53:07]} R8e7 {[%clk 0:39:52]} 43.
Rf1 {[%clk 0:52:24]} Re8 {[%clk 0:39:27]} 44. Kg2 {[%clk 0:52:31]} R8e7 {[%clk
0:39:45]} 45. Bc1 {[%clk 0:52:46]} Re8 {[%clk 0:39:27]} 46. Bd2 {[%clk 0:49:17]}
R8e7 {[%clk 0:38:17]} 47. Be2 {[%clk 0:49:00]} Ne4 {[%clk 0:37:37]} 48. Be1
{[%clk 0:48:00]} Nf6 {[%clk 0:37:39]} 49. Bd3 {[%clk 0:46:56]} Ng4 {[%clk
0:37:09]} 50. Bd2 {[%clk 0:46:43]} Re8 {[%clk 0:35:01]} 51. Be2 {[%clk 0:46:02]}
Nf6 {[%clk 0:34:57]} 52. Bd1 {[%clk 0:46:04]} Ne4 {[%clk 0:35:03]} 53. Bc1 {[%clk
0:46:28]} R8e7 {[%clk 0:34:38]} 54. Bc2 {[%clk 0:46:49]} Nf6 {[%clk 0:34:21]} 55.
f3 {[%clk 0:45:50]} Re8 {[%clk 0:34:20]} 56. Bd1 {[%clk 0:45:05]} Kg7 {[%clk
0:34:01]} 57. Ra2 {[%clk 0:43:56]} R8e7 {[%clk 0:33:37]} 58. Raf2 {[%clk
0:42:39]} Bb8 {[%clk 0:32:45]} 59. Kh3 {[%clk 0:41:36]} Bc7 {[%clk 0:31:14]} 60.
Rg2 {[%clk 0:40:11]} Re8 {[%clk 0:30:06]} 61. g4 {[%clk 0:38:01]} fxg4+ {[%clk
0:28:21]} 62. fxg4 {[%clk 0:38:29]} hxg4+ {[%clk 0:28:06]} 63. Bxg4 {[%clk
0:36:50]} Nxg4 {[%clk 0:28:14]} 64. Rxg4 {[%clk 0:35:45]} Re4 {[%clk 0:24:57]}
65. Rfg1 {[%clk 0:35:00]} Rxg4 {[%clk 0:23:03]} 66. Rxg4 {[%clk 0:35:03]} Rf8
{[%clk 0:22:20]} 67. Kg2 {[%clk 0:34:20]} Rf5 {[%clk 0:22:09]} 68. Bb2 {[%clk
0:33:10]} Kh6 {[%clk 0:21:57]} 69. Bc1 {[%clk 0:33:23]} Kh5 {[%clk 0:21:24]} 70.
Rg5+ {[%clk 0:31:32]} Rxg5+ {[%clk 0:21:23]} 71. hxg5 {[%clk 0:31:55]} Kg4 {[%clk
0:20:50]} 72. Bd2 {[%clk 0:31:44]} Bd8 {[%clk 0:21:09]} 73. Bc1 {[%clk 0:31:31]}
Bxg5 {[%clk 0:21:14]} 74. Bd2 {[%clk 0:31:56]} Bh4 {[%clk 0:21:07]} 75. Bc3
{[%clk 0:31:55]} g5 {[%clk 0:20:51]} 76. Bd2 {[%clk 0:31:37]} Kf5 {[%clk
0:20:06]} 77. Kf1 {[%clk 0:31:40]} Ke4 {[%clk 0:20:09]} 78. Ke2 {[%clk 0:31:44]}
g4 {[%clk 0:20:20]} 79. Bc3 {[%clk 0:30:50]} g3 {[%clk 0:20:19]} 80. Be1 {[%clk
0:31:14]} g2 {[%clk 0:20:11]} 81. Bxh4 {[%clk 0:31:35]} g1Q {[%clk 0:20:26]} 82.
Bf2 {[%clk 0:32:02]} Qg4+ {[%clk 0:20:32]} 83. Kd2 {[%clk 0:32:24]} Qf3 {[%clk
0:20:36]} 84. Ke1 {[%clk 0:32:48]} Kd3 {[%clk 0:20:52]} 85. Kf1 {[%clk 0:33:10]}
Kc4 {[%clk 0:20:47]} 86. Ke1 {[%clk 0:33:35]} Kxb4 {[%clk 0:21:03]} 87. Kf1
{[%clk 0:34:02]} a5 {[%clk 0:21:24]} 0-1